Ładuje się......
Urvara pradeśa 3 /
Anthology by several 20th and 21st century Hindi authors who have been awarded the literary award in memory of Bharatbhooshan Agarwal, 1919-1975, Hindi author; includes very brief intoduction to each author and their views on contemporary poetry.
| Kolejni autorzy: | , |
|---|---|
| Format: | Printed Book |
| Język: | Hindi |
| Wydane: |
Nayī Dillī :
Rajkamal Prakashan,
c2010.
|
| Wydanie: | 1. saṃskaraṇa. |
| Hasła przedmiotowe: |
| LEADER | 01565cam a2200373 a 4500 | ||
|---|---|---|---|
| 008 | 991129m19999999ii 000 0 hino | ||
| 999 | |c 247528 |d 247528 | ||
| 010 | |a 99940922 | ||
| 020 | |a 817055697X | ||
| 020 | |a 9788126718122 |c INR350.00 | ||
| 025 | |a I-H-99-940922; 10 | ||
| 035 | |a (DLC) 99940922 | ||
| 042 | |a lcode | ||
| 043 | |a a-ii--- | ||
| 245 | 0 | 0 | |a Urvara pradeśa 3 / |c Combiled by Bindu Agravāla. |
| 250 | |a 1. saṃskaraṇa. | ||
| 260 | |a Nayī Dillī : |b Rajkamal Prakashan, |c c2010. | ||
| 300 | |a 367p.; | ||
| 500 | |a Collection of Poems. | ||
| 500 | |a Vol. 3: saṃyojana, Anvitā Abbī. | ||
| 520 | |a Anthology by several 20th and 21st century Hindi authors who have been awarded the literary award in memory of Bharatbhooshan Agarwal, 1919-1975, Hindi author; includes very brief intoduction to each author and their views on contemporary poetry. | ||
| 546 | |a In Hindi. | ||
| 650 | 0 | |a Hindi poetry |y 20th century. | |
| 650 | 0 | |a Hindi poetry |y 21st century. | |
| 650 | 0 | |a Hindi poetry |y 20th century |x History and criticism. | |
| 650 | 0 | |a Hindi poetry |y 21st century |x History and criticism. | |
| 700 | 1 | |a Agravāla, Bindu. | |
| 700 | 1 | |a Abbi, Anvita, | |
| 942 | |2 ddc |c BK | ||
| 600 | 1 | 0 | |a Agarwal, Bharatbhooshan, |d 1919-1975 |x Awards. |
| 906 | |a 7 |b cbc |c origode |d 2 |e ncip |f 19 |g y-gencatlg | ||
| 955 | |a wd26;11/29/99; ye18 07-22-00 to BCCD | ||
| 955 | |i wd40 2011-09-20 ADDED VOLS.: v. 3 to ASME | ||
| 952 | |0 0 |1 0 |4 0 |6 S_31 |7 0 |9 274864 |a HIN |b HIN |c S-31 |d 2017-04-04 |g 350.00 |h V3.24574 |i 24574 |l 0 |o S-31 |p HIN24574 |r 2017-04-04 |w 2017-04-04 |y BK | ||